All ENHYPEN Songs - Statistics

General Stats
  • This quiz has been taken 3,231 times
    1,967 since last reset
  • The average score is 33 of 53
Answer Stats
Answer % Correct
Bite Me
93%
Drunk-Dazed
91%
Given-Taken
90%
Sweet Venom
89%
FEVER
87%
Chaconne
79%
Tamed-Dashed
79%
Future Perfect (Pass the MIC)
78%
Sacrifice (Eat Me Up)
78%
Bills
77%
Fate
75%
Let Me In (20 CUBE)
75%
Blessed-Cursed
74%
Polaroid Love
74%
10 Months
73%
Orange Flower (You Complete Me)
73%
SHOUT OUT
73%
Still Monster
73%
Go Big or Go Home
71%
Flicker
70%
Karma
70%
Not For Sale
69%
Mixed Up
66%
ParadoXXX Invasion
66%
Blind
64%
Blockbuster feat. YEONJUN of TOMORROW X TOGETHER
64%
TFW (That Feeling When)
63%
Hey Tayo
62%
Upper Side Dreamin'
62%
Intro : Walk the Line
61%
Just A Little Bit
61%
Attention, please!
60%
CRIMINAL LOVE
60%
Foreshadow
60%
Mortal
60%
WALK THE LINE
58%
Billy Poco
57%
One In A Billion
55%
BLOSSOM
54%
Intro : The Invitation
51%
One and Only
51%
Always
48%
I Need The Light
48%
Intro : Whiteout
43%
Outro : Cross the Line
43%
Forget Me Not
42%
Outro : The Wormhole
42%
Interlude : Question
40%
Make the change
38%
Outro : Day 2
38%
ZERO MOMENT (Sung by HEESEUNG, JAY, JAKE) (Prod. tearliner)
34%
A Kind Of Magic (Coke Studio Session)
29%
Keep Swimmin' Through
28%
No matching quizzes found
Score Distribution
Percent of People with Each Score
Percentile by Number Answered
Your Score History
You have not taken this quiz since the last reset